Up and running with AutoCAD 2021 : 2D and 3D drawing, design and modeling /

Bibliographic Details
Main Authors: Gindis, Elliot J. (Author), Kaebisch, Robert C. (Author)
Corporate Author: ScienceDirect (Online service)
Format: eBook
Language:English
Published: London, United Kingdom : Academic Press, [2021]
Subjects:
Online Access:Connect to the full text of this electronic book

MARC

Tag First Indicator Second Indicator Subfields
LEADER 00000cam a2200000Ii 4500
001 in00004350097
006 m o d
007 cr cnu---unuuu
008 200811s2021 enk o 001 0 eng d
005 20250816192110.8
020 |z 9780128231173  |q (print) 
020 |a 9780128231180  |q electronic book 
024 8 |a 99985958132 
035 |a (NhCcYBP)ybp16929792 
040 |a NhCcYBP  |c NhCcYBP  |d UtOrBLW 
050 4 |a T386.A97  |b G55 2021 
082 0 4 |a 620.00420285536  |2 23 
100 1 |a Gindis, Elliot J.,  |e author. 
245 1 0 |a Up and running with AutoCAD 2021 :  |b 2D and 3D drawing, design and modeling /  |c Elliot J. Gindis, Robert C. Kaebirch. 
264 1 |a London, United Kingdom :  |b Academic Press,  |c [2021] 
300 |a 1 online resource. 
336 |a text  |b txt  |2 rdacontent 
337 |a computer  |b c  |2 rdamedia 
338 |a online resource  |b cr  |2 rdacarrier 
500 |a Includes index. 
588 0 |a Online resource; title from PDF title page (ScienceDirect, viewed August 11, 2020). 
500 |a Electronic resource. 
630 0 0 |a AutoCAD.  |0 http://id.loc.gov/authorities/names/n86111239 
650 0 |a Computer-aided design.  |0 http://id.loc.gov/authorities/subjects/sh85029476 
650 0 |a Computer graphics.  |0 http://id.loc.gov/authorities/subjects/sh85029500 
655 7 |a Electronic books.  |2 local 
700 1 |a Kaebisch, Robert C.,  |e author.  |0 http://id.loc.gov/authorities/names/no2020133106 
710 2 |a ScienceDirect (Online service)  |0 http://id.loc.gov/authorities/names/no00037061 
856 4 0 |u http://proxy.library.tamu.edu/login?url=https://www.sciencedirect.com/science/book/9780128231173  |z Connect to the full text of this electronic book  |t 0 
945 |b 703949 
945 |a machinegen 
955 |a YBP purchased firm e-records 
980 |b 135.00  |g 1 
999 f f |s 32f166c8-aaeb-357a-8158-60c88943fe41  |i a1ead249-000e-3825-8364-e3323eaabf76  |t 0 
952 f f |a Texas A&M University  |b College Station  |c Electronic Resources  |d Available Online  |t 0  |e T386.A97 G55 2021  |h Library of Congress classification 
998 f f |a T386.A97 G55 2021  |t 0  |l Available Online